|
|
|
|
| LEADER |
02033cam a2200313 i 4500 |
| 001 |
19231910 |
| 003 |
Ost |
| 005 |
20180408104230.0 |
| 008 |
160816s2017 enk b 001 0 eng |
| 999 |
|
|
|c 11055
|d 11055
|
| 020 |
|
|
|a 9781509902668 (hardback : alk. paper)
|
| 020 |
|
|
|z 9781509902682 (ePDF)
|
| 020 |
|
|
|z 9781509902675 (ePub)
|
| 082 |
0 |
0 |
|a 345.077 2
|2
|b VON'17
|
| 100 |
1 |
|
|a Von Hirsch, Andrew,
|e author.
|
| 245 |
1 |
0 |
|a Deserved criminal sentences :
|b an overview /
|c Andreas von Hirsch.
|
| 260 |
|
|
|a Oxford :
|b Hart Publishing,
|c 2017.
|
| 300 |
|
|
|a xi, 165 p.
|c
|
| 504 |
|
|
|a Includes bibliographical references (pages 151-159) and index.
|
| 505 |
0 |
|
|a Introduction: the emergence of the proportionate sentence -- Sentence proportionality sketched briefly -- Why should the criminal sanction exist? -- Why punish proportionately? -- Ordinal and cardinal proportionality -- Seriousness, severity and the living-standard -- The role of previous convictions -- Proportionate non-custodial sanctions -- A "modified" desert model? -- The politics of the desert model -- Proportionate sentences for juveniles -- Appendix: the desert model's evolution : a brief chronology.
|
| 650 |
|
0 |
|a Punishment
|x Philosophy.
|
| 650 |
|
0 |
|a Sentences (Criminal procedure)
|
| 650 |
|
0 |
|a Proportionality in law.
|
| 653 |
|
|
|a Just deserts (Criminal law)
|
| 776 |
0 |
8 |
|i Online version:
|a Von Hirsch, Andrew, author.
|t Deserved criminal sentences
|d Oxford ; Portland, Oregon : Hart Publishing, an imprint of Bloomsbury Publishing Plc, 2017
|z 9781509902675
|w (DLC) 2016038127
|
| 942 |
|
|
|2 ddc
|c REF
|
| 952 |
|
|
|0 0
|1 0
|2 ddc
|4 0
|6 345_077000000000000_2_VON17
|7 0
|8 REF
|9 21467
|a NUALS
|b NUALS
|c REF
|d 2018-04-08
|l 0
|o 345.077 2 VON'17
|p 14797
|r 2018-04-08
|w 2018-04-08
|y REF
|
| 952 |
|
|
|0 0
|1 0
|2 ddc
|4 0
|6 345_077000000000000_2_VON171
|7 0
|9 21512
|a NUALS
|b NUALS
|d 2018-04-12
|l 0
|o 345.077 2 VON'17;1
|p 14798
|r 2018-04-12
|w 2018-04-12
|y BK
|
| 952 |
|
|
|0 0
|1 0
|2 ddc
|4 0
|6 345_077000000000000_2_VON172
|7 0
|9 21513
|a NUALS
|b NUALS
|d 2018-04-12
|l 0
|o 345.077 2 VON'17;2
|p 14799
|r 2018-04-12
|w 2018-04-12
|y BK
|